Roark's formulas for stress and strain (Record no. 161448)

MARC details
000 -LEADER
fixed length control field 00387nam a2200157Ia 4500
008 - FIXED-LENGTH DATA ELEMENTS--GENERAL INFORMATION
fixed length control field 231217s9999 xx 000 0 und d
041 ## - LANGUAGE CODE
Language code of text/sound track or separate title English
082 ## - DEWEY DECIMAL CLASSIFICATION NUMBER
Classification number 620.1123 YOU R1
100 ## - MAIN ENTRY--PERSONAL NAME
Personal name Young, Warren C
245 #0 - TITLE STATEMENT
Title Roark's formulas for stress and strain
250 ## - EDITION STATEMENT
Edition statement 6th ed.
260 ## - PUBLICATION, DISTRIBUTION, ETC.
Date of publication, distribution, etc. 1989
Name of publisher, distributor, etc. McGraw-Hill,
300 ## - PHYSICAL DESCRIPTION
Extent x+763
650 ## - SUBJECT ADDED ENTRY--TOPICAL TERM
Topical term or geographic name entry element Stress analysis
942 ## - ADDED ENTRY ELEMENTS (KOHA)
Koha item type Books
Holdings
Date last seen Total checkouts Full call number Accession number Cost, total (INR) price Price effective from Category Lost status Damaged status Department Withdrawn status Home library Current library Shelving location Entry date Cost, normal purchase price Grants Billnumber Billdate Currency symbol Conversion rate Discount Old discount
26/01/2024   620.1123 YOU R1 2571 182.09 26/01/2024 Books     Central Library   Central Library Central Library Central Library 16/08/1990 9.95 ME 441 01/08/1991 RS 18.3    
26/01/2024   624.1760212 YOU 8787 360.77 26/01/2024 Books     Central Library   Central Library Central Library   13/03/1996 11.95 ME 1020 13/04/1999 USD 30.19    

© For any Suggestions or Query, please contact the library staff @ librarian@pes.edu or Phone: +9180 2672 1983/ 2108.